000
00297nam a2200109Ia 4500
001
1276058
005
20260417160440.0
008
260417s9999 xx 000 0 und d
020
_a
9786256309920
245
0
_a
Tarçın ile Pırpır – Ormandaki Kargaşa
_c
Nicola Colton
260
_b
Ketebe Çocuk
999
_c
1276058
_d
1276058